[Event "ICS rated blitz match"]
[Site "207.99.83.227"]
[Date "1999.05.14"]
[Round "?"]
[White "Hossa"]
[Black "JudgeTurpin"]
[Result "1/2-1/2"]
[WhiteElo "2487"]
[BlackElo "2628"]
[PlyCount "83"]

1. e4 e5 2. f4 exf4 3. Nf3 g5 4. Bc4 Bg7 5. h3 d6 6. h4 h6 7. hxg5 hxg5 8. Rxh8
Bxh8 9. Nh2 Nf6 10. Nc3 Be6 11. Be2 c6 12. d4 Qa5 13. Bd2 Qc7 14. Nf3 g4 15.
Ng5 Qb6 16. Nxe6 fxe6 17. Bxf4 Qxb2 18. Bd2 Qb6 19. Bf4 e5 20. dxe5 Qg1+ 21.
Bf1 Qc5 22. Qd3 Nh5 23. Bd2 Bxe5 24. Na4 Qg1 25. O-O-O Nd7 26. Qb3 Nhf6 27.
Qe6+ Kd8 28. Ba6 Qxg2 29. Bxb7 Rc8 30. Ba5+ Rc7 31. Bxc6 Qf3 32. Bxd7 Nxd7 33.
Bxc7+ Kxc7 34. Qc4+ Nc5 35. Nxc5 Qa3+ 36. Kd2 Bf4+ 37. Ke1 Qe3+ 38. Qe2 Qg1+
39. Qf1 Qe3+ 40. Qe2 Qg1+ 41. Qf1 Qe3+ 42. Qe2 {Game drawn by repetition}
1/2-1/2

[Event "ICS Rated blitz match"]
[Site "207.99.83.227"]
[Date "1999.05.14"]
[Round "?"]
[White "Hossa"]
[Black "totoff"]
[Result "1-0"]
[WhiteElo "2493"]
[BlackElo "2237"]
[PlyCount "39"]

1. e4 e6 2. Nf3 c5 3. Nc3 a6 4. Be2 Nc6 5. d4 cxd4 6. Nxd4 Qc7 7. O-O Nf6 8.
Bg5 Be7 9. Qd2 h6 10. Be3 d6 11. Rad1 O-O 12. Nxc6 bxc6 13. Bxh6 gxh6 14. Qxh6
Nh7 15. Rd3 e5 16. Rg3+ Bg5 17. h4 f6 18. hxg5 fxg5 19. Bc4+ Kh8 20. Rxg5 {
totoff resigns} 1-0

[Event "ICS rated blitz match"]
[Site "207.99.83.227"]
[Date "1999.05.14"]
[Round "?"]
[White "TinyTim"]
[Black "Hossa"]
[Result "0-1"]
[WhiteElo "2488"]
[BlackElo "2499"]
[Annotator "Fritz 5.32 (15s)"]
[PlyCount "22"]

1. c4 g6 2. Nf3 Nf6 3. g3 Nc6 (3... Bg7 4. Bg2 c6 (4... O-O 5. O-O d6 6. Nc3 a6
7. Rb1 c6 8. b4 b5 9. cxb5 axb5 10. Bb2 e5 11. Qc2 Re8 12. d3 Na6 13. Ba1 Bd7
14. Nd2 Qe7 15. Rfc1 d5 16. a3 h5 17. e3 h4 18. Ne2 hxg3 19. hxg3 {
Rotstein,A-Zueger,B/Open, Cannes FRA 1998/1-0 (32)}) 5. Nc3 d5 6. cxd5 cxd5 7.
d4 Nc6 8. Ne5 Bd7 9. O-O e6 10. Bg5 h6 11. Bxf6 {
- Beim,V-Glek,I/It, Linz AUT 1997 (11)}) 4. d4 Bg7 5. Bg2 O-O 6. Bg5 $146 (6.
O-O a6 7. Nc3 (7. d5 Na7 8. Nbd2 b5 9. a4 bxc4 10. Nxc4 Bb7 11. Nfe5 Rb8 12. e4
e6 13. Be3 Nc8 14. dxe6 fxe6 15. Bg5 d6 16. Ng4 Qe8 17. Bxf6 Bxf6 18. Nxf6+
Rxf6 19. Rc1 19... Rf7 {- Dizdarevic,E-Gufeld,E/Biel op 1989 (19)}) 7... Rb8 8.
d5 (8. e4 d6 9. h3 b5 10. e5 dxe5 11. dxe5 Qxd1 12. Rxd1 Nd7 13. e6 fxe6 14.
cxb5 axb5 15. Be3 Nb6 16. Ng5 16... Na5 {
- Fancsy Imre-Istratescu Andrei/Ch World juniors 1992 (16)}) 8... Na5 9. c5 b6
10. Qa4 Nb7 11. cxb6 Nc5 12. bxc7 Qxc7 13. Qd1 Rb6 14. Be3 d6 15. b3 Bd7 16.
Rc1 Rb4 17. h3 Rfb8 18. Nd4 e6 19. dxe6 fxe6 20. a3 Rxd4 21. Bxd4 Nxb3 22. Bxf6
Bc8 23. Bd4 Bd7 24. Bf6 {1-0 Wojtkiewicz,A-Cekro,E/Antwerpen op 1994 (24)})
6... Ne4 7. Be3 d5 8. c5 $11 {Weiss erobert Raum} (8. cxd5 $5 8... Nb4 9. Ne5
$14) 8... Bg4 9. a3 {Deckt b4} 9... e5 10. h3 $17 (10. dxe5 $5 $142 {
ist noch spielbar} 10... Nxe5 11. Nxe5 Bxe5 12. Qb3 $11) 10... Bxf3 11. Bxf3 (
11. exf3 exd4 12. fxe4 dxe3 13. fxe3 dxe4 14. Bxe4 14... Qe7 $19) 11... exd4 (
11... exd4 12. Bc1 12... Nxc5 $19) 0-1

[Event "ICS Rated blitz match"]
[Site "207.99.83.227"]
[Date "1999.05.14"]
[Round "?"]
[White "Hossa"]
[Black "Tim"]
[Result "1/2-1/2"]
[WhiteElo "2501"]
[BlackElo "2527"]
[PlyCount "127"]

1. e4 d5 2. exd5 Nf6 3. Bb5+ Bd7 4. Bc4 b5 5. Bb3 Bg4 6. f3 Bc8 7. Ne2 Nxd5 8.
a4 b4 9. O-O e6 10. c4 Nf4 11. Nxf4 Qd4+ 12. Rf2 Qxf4 13. d4 Qh4 14. g3 Qh3 15.
Qf1 Qh5 16. f4 a5 17. f5 exf5 18. Re2+ Kd8 19. Bd1 Qg6 20. Qf3 Ra6 21. Qd5+ Rd6
22. Qb5 Nc6 23. d5 Be7 24. Be3 Bf6 25. Rd2 Ne5 26. c5 Ra6 27. Bf4 Re8 28. d6
Re6 29. dxc7+ Kxc7 30. c6 Raxc6 31. Qxa5+ Kb7 32. Rd5 Nd7 33. Qxb4+ Nb6 34. Bf3
Be7 35. Qb5 Ka7 36. Qa5+ Ba6 37. Rb5 Bg5 38. Bxc6 Rxc6 39. Bxg5 Qxg5 40. Nd2
Qe3+ 41. Kh1 Rd6 42. Rc1 Qxd2 43. Rc7+ Kb8 44. Qxd2 Rxd2 45. Rc6 Bb7 46. Rbxb6
Ka7 47. Rxb7+ Kxb7 48. Rc5 Rxb2 49. Rxf5 f6 50. Rd5 Kc6 51. Rh5 h6 52. Ra5 Ra2
53. Ra7 g5 54. Ra6+ Kd5 55. Rxf6 Rxa4 56. Rxh6 Ke5 57. h4 gxh4 58. gxh4 Kf5 59.
Kg2 Kg4 60. Rh8 Ra2+ 61. Kg1 Ra1+ 62. Kh2 Ra2+ 63. Kg1 Ra1+ 64. Kh2 {
Game drawn by mutual agreement} 1/2-1/2

[Event "ICS rated blitz match"]
[Site "207.99.83.227"]
[Date "1999.05.14"]
[Round "?"]
[White "Varguz"]
[Black "Hossa"]
[Result "1-0"]
[WhiteElo "2891"]
[BlackElo "2502"]
[Annotator "Crafty v16.6"]
[PlyCount "106"]

{annotating for player ossa using a scoring margin of +0.20 pawns. search time
limit is 1:00} 1. e4 1... e5 2. Nf3 Nf6 3. Nc3 Bb4 4. Nxe5 Qe7 5. Ng4 Nxe4 ({
11:-0.64} 5... Nxe4 6. Nd5 Qd6 7. Nxb4 Qxb4 8. Be2 O-O 9. c3 Qc5 10. d3 Ng5 11.
O-O $14) ({11:-0.26} 5... Bxc3 6. dxc3 Nxe4 7. Be2 O-O 8. O-O Re8 9. Re1 d6 10.
Bf4 Bxg4 11. Bxg4 11... Nc6 $10) 6. Nd5 Qd6 7. Nxb4 Qxb4 8. f3 Nc5 ({10:-0.84} 
8... Nc5 9. c3 Qa4 10. d4 Qxd1+ 11. Kxd1 Nca6 12. Bxa6 Nxa6 13. Re1+ Kf8 14.
Bg5 d6 15. Be7+ 15... Kg8 $16) ({10:-0.15} 8... Ng5 9. c3 Qe7+ 10. Qe2 Ne6 11.
d4 Qd6 12. Be3 O-O 13. O-O-O 13... Nc6 $10) 9. c3 Qa4 10. d4 Qxd1+ 11. Kxd1 Ne6
12. d5 Nc5 13. Bf4 f5 ({10:-1.15} 13... f5 14. Nf2 d6 15. Bb5+ Bd7 16. Re1+ Kf7
17. Bc4 Nba6 18. Nh3 Ba4+ 19. b3 19... Bd7 $16) ({10:-0.88} 13... d6 14. Bb5+
Bd7 15. Re1+ Kd8 16. Bc4 Bxg4 17. fxg4 Nbd7 18. Bb5 Nb6 19. c4 19... Nd3 $16)
14. Ne3 d6 15. b4 Na4 16. Kc2 O-O 17. Bd3 a5 18. a3 axb4 19. axb4 Bd7 20. c4
Na6 21. Kb3 Nb6 22. Rhe1 Rf6 23. Nc2 Ba4+ 24. Kc3 c6 25. dxc6 bxc6 26. Be3 Bxc2
({11:-1.60} 26... Bxc2 27. Bxc2 c5 28. bxc5 dxc5 29. Bg5 Rff8 30. Be7 Rf7 31.
Re6 Nd7 32. Bxf5 Rxf5 33. Rexa6 $18) ({11:-0.38} 26... c5 27. bxc5 dxc5 28. Bg5
Rg6 29. h4 Bd7 30. g4 Na4+ 31. Kd2 Nb2 32. gxf5 Nxd3 33. fxg6 Nxe1 34. Rxe1
34... hxg6 $14) 27. Bxc2 c5 28. bxc5 dxc5 29. Bg5 Rf7 30. Re6 Nb4 31. Rxa8+
Nxa8 32. Re8+ Rf8 33. Rxf8+ Kxf8 34. Bxf5 g6 35. Be3 Na6 36. Be4 N8c7 37. f4
Ke7 38. f5 Kf7 39. g4 Ne8 40. h4 gxf5 41. Bxf5 Kg7 42. Bf4 Kg8 43. g5 Kg7 44.
h5 Kg8 45. h6 Nac7 46. Be5 Na6 47. Be6+ Kf8 48. g6 hxg6 49. h7 Ke7 50. Bh3 Nb4
51. h8=Q Nc6 52. Qh4+ g5 53. Qxg5+ Kf7 1-0

[Event "ICS rated blitz match"]
[Site "207.99.83.227"]
[Date "1999.05.15"]
[Round "?"]
[White "Hossa"]
[Black "JudgeTurpin"]
[Result "1/2-1/2"]
[WhiteElo "2499"]
[BlackElo "2622"]
[PlyCount "125"]

1. e4 c5 2. Nc3 a6 3. Be2 Nc6 4. Nf3 d6 5. d4 cxd4 6. Nxd4 Nxd4 7. Qxd4 Nf6 8.
O-O e5 9. Qd3 Be7 10. Bg5 Bg4 11. Bxg4 Nxg4 12. Bxe7 Kxe7 13. Qg3 h5 14. h3 Nf6
15. Qxg7 Qg8 16. Qxg8 Rhxg8 17. Rad1 b5 18. Nd5+ Nxd5 19. Rxd5 Rac8 20. c3 Rc4
21. Re1 Ke6 22. Red1 Rd8 23. f3 b4 24. cxb4 Rxb4 25. R1d2 Rb5 26. Rxb5 axb5 27.
Rd5 Rb8 28. Kf2 b4 29. a4 bxa3 30. bxa3 Rb2+ 31. Kg3 f5 32. Rd3 h4+ 33. Kxh4
fxe4 34. Re3 exf3 35. gxf3 d5 36. Rc3 d4 37. Rc6+ Kd7 38. Rc5 Kd6 39. Ra5 d3
40. Ra8 Rb7 41. Rd8+ Rd7 42. Rb8 Ke6 43. Rb1 Ra7 44. Rd1 Kf5 45. Kg3 Rxa3 46.
h4 e4 47. fxe4+ Kxe4 48. h5 Ra7 49. Re1+ Kd4 50. Rd1 Rg7+ 51. Kf4 Rg2 52. Rh1
d2 53. Rd1 Kd3 54. h6 Rh2 55. Rxd2+ Kxd2 56. Kg5 Kd3 57. Kg6 Ke4 58. h7 Ke3 59.
Kg7 Rg2+ 60. Kh6 Rb2 61. h8=Q Rh2+ 62. Kg7 Rxh8 63. Kxh8 {
Game drawn because neither player has mating material} 1/2-1/2

[Event "ICS rated blitz match"]
[Site "207.99.83.227"]
[Date "1999.05.15"]
[Round "?"]
[White "Hossa"]
[Black "JudgeTurpin"]
[Result "1-0"]
[WhiteElo "2504"]
[BlackElo "2617"]
[PlyCount "159"]

1. e4 e5 2. f4 exf4 3. Nf3 g5 4. Bc4 Bg7 5. h3 d6 6. h4 h6 7. hxg5 hxg5 8. Rxh8
Bxh8 9. Nh2 Nf6 10. Nc3 Be6 11. Be2 c6 12. d4 Qa5 13. Bd2 Qc7 14. Nf3 Nh7 15.
d5 Bg4 16. dxc6 Bxc3 17. Bxc3 Nxc6 18. Qd3 Qb6 19. O-O-O O-O-O 20. Rh1 Nf8 21.
Bf6 Re8 22. Nxg5 Bxe2 23. Qxe2 Nd7 24. Nxf7 Nxf6 25. Nxd6+ Kb8 26. Nxe8 Nxe8
27. Qf3 Qc7 28. Rh8 Qe5 29. Rf8 a5 30. Qxf4 Qxf4+ 31. Rxf4 Nd6 32. a4 Ne5 33.
Rh4 Kc7 34. Rh5 Nc6 35. Rh7+ Kc8 36. Rh4 b6 37. Rf4 Nd4 38. Rg4 Nc4 39. e5 Ne2+
40. Kb1 Nd2+ 41. Ka2 Kd7 42. e6+ Kd6 43. Rg8 Nc4 44. Rb8 Ke7 45. g4 Nd4 46. b3
Ne5 47. c3 Ne2 48. Kb2 Nxg4 49. Rb7+ Kxe6 50. Rxb6+ Kd7 51. Rb5 Ne3 52. c4 Nd4
53. Rxa5 Nd1+ 54. Ka2 Nc3+ 55. Ka3 Kc6 56. b4 Nf3 57. Kb3 Ne2 58. Rc5+ Kb7 59.
Kc2 Ng3 60. Kd3 Ne1+ 61. Kd4 Nc2+ 62. Kc3 Ne3 63. Re5 Ng4 64. Rb5+ Kc6 65. Kd4
Ne2+ 66. Kd3 Ng1 67. Rf5 Kd7 68. a5 Nh3 69. a6 Kc7 70. Rb5 Nf4+ 71. Ke4 Ne2 72.
Kf3 Nd4+ 73. Kxg4 Nc2 74. a7 Ne3+ 75. Kg5 Nc2 76. a8=Q Nxb4 77. Qa7+ Kd6 78.
Qc5+ Kd7 79. Rb7+ Ke8 80. Qe7# {JudgeTurpin checkmated} 1-0

[Event "ICS rated blitz match"]
[Site "207.99.83.227"]
[Date "1999.05.15"]
[Round "?"]
[White "Hossa"]
[Black "JudgeTurpin"]
[Result "1/2-1/2"]
[WhiteElo "2525"]
[BlackElo "2596"]
[PlyCount "167"]

1. e4 c5 2. Nc3 e6 3. Nf3 a6 4. Be2 b5 5. O-O Bb7 6. d4 b4 7. Na4 cxd4 8. Qxd4
Nc6 9. Qb6 Qxb6 10. Nxb6 Rd8 11. Bf4 d6 12. a3 bxa3 13. Rxa3 Nf6 14. Bg5 Be7
15. Bxa6 Bxa6 16. Rxa6 Nxe4 17. Bxe7 Kxe7 18. Ra4 d5 19. Nd4 Nxd4 20. Rxd4 Rb8
21. Na4 Rhc8 22. c3 Kd6 23. Re1 Nc5 24. Nxc5 Rxc5 25. Rd2 Rcc8 26. f4 Rc4 27.
g3 f6 28. Ra1 g5 29. Ra6+ Rc6 30. Rxc6+ Kxc6 31. Re2 Kd6 32. Kg2 gxf4 33. gxf4
e5 34. fxe5+ fxe5 35. b4 d4 36. cxd4 exd4 37. Rb2 Ke5 38. b5 Rb6 39. Kf3 h6 40.
Ke2 Ke4 41. h4 Rg6 42. Kf1 Rf6+ 43. Ke1 Rf7 44. b6 Rb7 45. Rb5 Kd3 46. Rb4 Ke3
47. h5 Rg7 48. Kf1 Rf7+ 49. Kg2 Rb7 50. Kf1 d3 51. Rb2 Kd4 52. Ke1 Kc3 53. Rb5
Kc4 54. Rb1 Kd5 55. Kd2 Kc4 56. Rc1+ Kd5 57. Kxd3 Rxb6 58. Rd1 Rb5 59. Ra1 Rb3+
60. Ke2 Rb6 61. Ke3 Ke5 62. Ra5+ Kf6 63. Rd5 Rb3+ 64. Kf4 Rb4+ 65. Kf3 Ke6 66.
Rc5 Rb3+ 67. Ke4 Rb4+ 68. Ke3 Rb3+ 69. Kd4 Kf6 70. Rd5 Rb2 71. Ke4 Re2+ 72. Kf4
Rf2+ 73. Kg4 Rg2+ 74. Kf3 Rg5 75. Rxg5 Kxg5 76. Kg3 Kxh5 77. Kh3 Kg5 78. Kg3
Kf5 79. Kh3 h5 80. Kh4 Kg6 81. Kg3 Kg5 82. Kh3 Kf4 83. Kh4 Ke4 84. Kxh5 {
Game drawn because neither player has mating material} 1/2-1/2

[Event "ICS rated blitz match"]
[Site "207.99.83.227"]
[Date "1999.05.15"]
[Round "?"]
[White "Hossa"]
[Black "JudgeTurpin"]
[Result "0-1"]
[WhiteElo "2528"]
[BlackElo "2593"]
[Annotator "Crafty v16.6"]
[PlyCount "122"]

{annotating for player ossa using a scoring margin of +0.20 pawns. search time
limit is 1:00} 1. e4 1... c5 2. Nc3 e6 3. Nf3 a6 4. Be2 b5 5. O-O Bb7 6. d4 b4
7. Na4 cxd4 8. Qxd4 Nc6 9. Qb6 Qxb6 10. Nxb6 Rd8 11. Bf4 Bc5 12. Bc7 Bxb6 13.
Bxb6 Rc8 14. a3 bxa3 15. Rxa3 Nf6 16. e5 ({10:+0.22} 16. e5 16... Nd5 17. c3
Nxb6 18. Rb3 Na4 19. Rxb7 Rb8 20. Rxb8+ Nxb8 21. Ra1 Nxb2 22. Bxa6 Nxa6 23.
Rxa6 $10) ({10:+0.66} 16. Nd2 16... Nb8 17. Bd3 O-O 18. Bd4 Ng4 19. Rb3 Bc6 20.
Rd1 20... e5 $14) 16... Nd5 17. Rb3 Ncb4 18. Ba5 ({11:+0.09} 18. Ba5 18... Nf4
19. Bd1 Bxf3 20. gxf3 Nc6 21. Bd2 g5 22. h4 Rg8 23. Kh1 23... Nd4 $10) ({
11:+0.44} 18. c3 18... Nf4 19. Rxb4 Nxe2+ 20. Kh1 Bxf3 21. gxf3 g5 22. Ra1 Ra8
23. Rg4 f6 24. exf6 Kf7 25. Rxg5 25... Kxf6 $14) 18... Nf4 19. Bd1 Bxf3 20.
Bxf3 Nc6 21. Bxc6 dxc6 22. Rb6 O-O 23. Re1 ({11:+0.62} 23. Re1 23... Nd5 24.
Rxa6 Ra8 25. Rxa8 Rxa8 26. Bc3 Nxc3 27. bxc3 Ra2 28. Rd1 Kf8 29. Rd6 $14) ({
11:+0.96} 23. Rd1 23... Nd5 24. Rxa6 Ra8 25. Rxa8 Rxa8 26. Bd2 Ra2 27. c4 Nb6
28. b3 28... c5 $16) 23... Nd5 24. Rxa6 Ra8 25. Rxa8 Rxa8 26. Bd2 Ra2 27. Rb1
Nb6 28. h4 h5 29. Kh2 Ra4 30. Kh3 Re4 31. Re1 Ra4 32. b3 Ra2 33. Rc1 Nd7 34.
Bf4 Kh7 35. f3 Kg6 36. Rd1 Nb6 37. c4 Rb2 38. Rd6 Rxb3 39. Rxc6 Na4 40. Bg3 Rc3
41. Bf2 Nb2 42. c5 Nd3 43. Kg3 Nxe5 44. Rc8 Nd3 45. Be3 e5 46. Kh2 f5 47. Kh3
f4 48. Bg1 e4 49. Bd4 Rc1 50. g4 exf3 51. gxh5+ Kf5 52. Kh2 Rc2+ 53. Kg1 f2+
54. Bxf2 Nxf2 55. Rc7 Nh3+ 56. Kh1 Kg4 57. Ra7 Kg3 58. Rxg7+ Kf3 59. c6 Nf2+
60. Kh2 Ng4+ 61. Kh3 Rh2# 0-1

[Event "ICS rated blitz match"]
[Site "207.99.83.227"]
[Date "1999.05.15"]
[Round "?"]
[White "Hossa"]
[Black "JudgeTurpin"]
[Result "0-1"]
[WhiteElo "2515"]
[BlackElo "2606"]
[Annotator "Crafty v16.6"]
[PlyCount "113"]

{annotating for player ossa using a scoring margin of +0.20 pawns. search time
limit is 1:00} 1. e4 1... e5 2. f4 exf4 3. Nf3 d6 4. d4 g5 5. h4 ({9:-1.06} 5.
h4 5... g4 6. Ng1 f3 7. gxf3 Be7 8. Kd2 g3 9. Bb5+ 9... c6 $17) ({9:-0.67} 5.
h3 5... Bh6 6. Nc3 Bd7 7. Bc4 Nc6 8. Bd2 Nf6 9. Rf1 $15) 5... g4 6. Ng5 ({
10:-2.09} 6. Ng5 6... f6 7. Nxh7 Rxh7 8. Bxf4 Rh5 9. Be2 f5 10. Bb5+ Bd7 11.
Bg5 $19) ({10:-1.07} 6. Ng1 6... f3 7. gxf3 Be7 8. h5 Bh4+ 9. Ke2 g3 10. Kd3
Nc6 11. Bg2 $17) 6... f6 7. Nh3 ({10:-2.63} 7. Nh3 7... gxh3 8. Qh5+ Kd7 9.
Rxh3 Nc6 10. Rd3 Qe7 11. Qg4+ Kd8 12. Qxf4 12... Be6 $19) ({10:-2.25} 7. Nxh7
7... Rxh7 8. Bc4 Ne7 9. Bxf4 Ng6 10. Bg3 Rh5 11. Nc3 11... Nc6 $19) 7... gxh3
8. Qh5+ Kd7 9. Rxh3 Qe8 10. Qxe8+ Kxe8 11. Rc3 Kd8 12. Bxf4 Bh6 13. Rf3 Bxf4
14. Rxf4 Be6 15. Nc3 Nd7 16. O-O-O Ne7 17. Bb5 c6 18. d5 Bf7 19. dxc6 bxc6 20.
Be2 Ng6 21. Rf2 Ke7 22. Bf3 ({10:-3.19} 22. Bf3 22... Nxh4 23. Be2 Rhg8 24. g4
Ne5 25. Rh2 Nhf3 26. Rf2 26... Ng5 $19) ({10:-2.37} 22. h5 22... Nge5 23. Rd4
Rhg8 24. Bd1 Rg5 25. Rfd2 Nc4 26. Rf2 26... Ne3 $19) 22... Nxh4 23. Rfd2 ({
11:-3.62} 23. Rfd2 23... Ne5 24. Rxd6 Rad8 25. Rxd8 Rxd8 26. Rh1 Nhxf3 27. gxf3
h5 28. Rh3 Rd4 29. Rg3 $19) ({11:-3.19} 23. Be2 23... Rag8 24. Bf1 Ne5 25. Rd4
Ng4 26. Rfd2 Ne3 27. Be2 c5 28. Rxd6 28... Rxg2 $19) 23... Ne5 24. Rxd6 Rhg8
25. R6d2 Rg3 26. Ne2 Rg6 27. Nd4 Rag8 28. Bh5 R6g7 29. Bxf7 Kxf7 30. Rh1 Rg4
31. g3 c5 32. Nb5 Nhf3 33. Rd5 R8g7 34. Nd6+ Ke6 35. Nf5 Rd7 36. Rxc5 Rxe4 37.
Nh6 Nd4 38. Kb1 Ne2 39. g4 Nxg4 40. Rc6+ Kd5 41. Ra6 Nxh6 42. Rxh6 Ng3 43. b3
f5 44. c4+ Kd4 45. Kb2 Re2+ 46. Ka3 f4 47. Rad6+ Rxd6 48. Rxd6+ Ke4 49. Ra6 f3
50. Re6+ Kf4 51. Rd6 f2 52. Rd1 h5 53. Ka4 Re1 54. Rd7 f1=Q 55. Rxa7 Qe2 56.
Kb4 Qd2+ 57. Kb5 0-1

[Event "ICS rated blitz match"]
[Site "207.99.83.227"]
[Date "1999.05.15"]
[Round "?"]
[White "Hossa"]
[Black "JudgeTurpin"]
[Result "0-1"]
[WhiteElo "2503"]
[BlackElo "2618"]
[Annotator "Crafty v16.6"]
[PlyCount "87"]

{annotating for player ossa using a scoring margin of +0.20 pawns. search time
limit is 1:00} 1. e4 1... c5 2. Nc3 Nc6 3. Nf3 e5 4. Bb5 Nf6 5. Bxc6 dxc6 6.
Nxe5 Nxe4 7. Nxe4 Qd5 8. O-O Qxe5 9. Re1 Be6 10. d3 O-O-O 11. Bg5 Re8 12. Nf6 (
{10:-1.25} 12. Nf6 12... Qxg5 13. Nxe8 Be7 14. f4 Qxf4 15. Re4 Qh6 16. Rxe6
16... fxe6 $17) ({10:+0.04} 12. Qc1 12... Bd7 13. Bf4 Qd4 14. Be3 Qe5 15. Bd2
f5 16. Bc3 16... Qd5 $10) 12... Qxg5 13. Nxe8 Be7 14. Nxg7 Qxg7 15. c3 Rd8 16.
Qa4 Kb8 17. Re3 Bg5 18. f4 Bf6 19. Rae1 Qg4 20. a3 Qf5 21. Rd1 ({10:-2.34} 21.
Rd1 21... Rd4 22. Qc2 Rxf4 23. Re4 Bh4 24. g3 Rg4 25. Rxg4 Qxg4 26. Re1 $19) ({
10:-1.55} 21. Qe4 21... Qh5 22. f5 Bxf5 23. Qf4+ Kc8 24. Rf3 Rd5 25. c4 Bg5 26.
Re8+ 26... Kd7 $19) 21... c4 22. d4 ({10:-2.81} 22. d4 22... Qxf4 23. Rde1 h5
24. Rxe6 fxe6 25. Qxc4 e5 26. Qf1 Qxf1+ 27. Rxf1 27... Bg7 $19) ({10:-2.12} 22.
dxc4 22... Qxf4 23. Rf3 Qh4 24. g3 Qxc4 25. Rxd8+ Bxd8 26. Qxc4 26... Bxc4 $19)
22... Qxf4 23. Rde1 Bg5 24. Re4 Qc7 25. Re5 Bf4 26. Rh5 h6 27. Rh4 c5 28. Qd1
cxd4 29. cxd4 Qd6 30. Kh1 Bg5 31. Rhe4 Qb6 32. h4 Bf6 33. Qd2 Bxd4 34. Rd1 Bf6
35. Qf4+ Ka8 36. Rxd8+ Qxd8 37. Qxh6 Bxb2 38. a4 b6 39. Qh5 Qd7 40. Qf3 Bd5 41.
Re7 Qxe7 42. Qxd5+ Kb8 43. g3 Qb7 44. Qxb7+ 0-1

[Event "ICS rated blitz match"]
[Site "207.99.83.227"]
[Date "1999.05.15"]
[Round "?"]
[White "Hossa"]
[Black "JudgeTurpin"]
[Result "0-1"]
[WhiteElo "2492"]
[BlackElo "2634"]
[Annotator "Crafty v16.6"]
[PlyCount "91"]

{annotating for player ossa using a scoring margin of +0.20 pawns. search time
limit is 1:00} 1. e4 1... e5 2. f4 exf4 3. Nf3 d6 4. d4 g5 5. h4 ({9:-1.06} 5.
h4 5... g4 6. Ng1 f3 7. gxf3 Be7 8. Kd2 g3 9. Bb5+ 9... c6 $17) ({9:-0.67} 5.
h3 5... Bh6 6. Nc3 Bd7 7. Bc4 Nc6 8. Bd2 Nf6 9. Rf1 $15) 5... g4 6. Ng5 ({
10:-2.09} 6. Ng5 6... f6 7. Nxh7 Rxh7 8. Bxf4 Rh5 9. Be2 f5 10. Bb5+ Bd7 11.
Bg5 $19) ({10:-1.37} 6. Ng1 6... f3 7. gxf3 Be7 8. h5 Bh4+ 9. Ke2 g3 10. Kd3
Nc6 11. Bg2 $17) 6... f6 7. Nh3 ({10:-2.63} 7. Nh3 7... gxh3 8. Qh5+ Kd7 9.
Rxh3 Nc6 10. Rd3 Qe7 11. Qg4+ Kd8 12. Qxf4 12... Be6 $19) ({10:-2.25} 7. Nxh7
7... Rxh7 8. Bc4 Ne7 9. Bxf4 Ng6 10. Bg3 Rh5 11. Nc3 11... Nc6 $19) 7... gxh3
8. Qh5+ Kd7 9. Rxh3 Qe8 10. Qxe8+ Kxe8 11. Rc3 Kd8 12. Bxf4 Bh6 13. Rf3 Bxf4
14. Rxf4 Bd7 15. Nc3 Be6 16. O-O-O Nd7 17. Be2 ({11:-2.47} 17. Be2 17... Ne7
18. Rf2 Ng6 19. h5 Ne7 20. Bb5 Bg4 21. Rh1 Rg8 22. Kb1 $19) ({11:-2.20} 17. Bb5
17... a6 18. Bxd7 Kxd7 19. d5 Bf7 20. Rd4 Re8 21. Rb4 b6 22. Rf5 22... Re5 $19)
17... Ne7 18. d5 Bf7 19. Bg4 Ng6 20. Rf2 Nde5 21. Bh5 Ke7 22. Rdf1 Nd7 23. Bg4
Nge5 24. Bxd7 Nxd7 25. g4 Raf8 26. Nb5 Rhg8 27. Rg1 ({11:-3.04} 27. Rg1 27...
Ne5 28. Rf4 Bh5 29. Rg3 Rxg4 30. Rfxg4 Bxg4 31. Nxc7 h5 32. Rb3 32... b6 $19) (
{11:-2.74} 27. Rf4 27... Ne5 28. Nxc7 Rxg4 29. Rxg4 Nxg4 30. Kd2 Rc8 31. Rf4
Ne5 32. Nb5 Nc4+ 33. Kc3 $19) 27... Ne5 28. Rf4 Bh5 29. Nxc7 Bxg4 30. Rg3 ({
11:-4.10} 30. Rg3 30... Be2 31. Rc3 Rc8 32. a3 Rg1+ 33. Kd2 Rg2 34. Ne6 Bh5+
35. Kc1 Rg1+ 36. Kd2 Rd1+ 37. Ke3 Rxc3+ 38. bxc3 Nc4+ 39. Kf2 39... Nxa3 $19) (
{11:-3.20} 30. Nb5 30... Bh3 31. Rh1 Rg4 32. Rxg4 Bxg4 33. Rg1 h5 34. Nd4 Rc8
35. Rg3 35... Rc4 $19) 30... Rc8 31. Nb5 Bd7 32. Rxg8 Rxg8 33. Nxd6 Kxd6 34.
Rxf6+ Kc5 35. Rh6 Rg4 36. Rxh7 Rxe4 37. b3 Kxd5 38. c4+ Kd4 39. Kb2 Re2+ 40.
Ka3 Kc3 41. Rg7 Nd3 42. Rxd7 Nb4 43. Ka4 Rxa2+ 44. Kb5 b6 45. Rxa7 Rxa7 46.
Kxb6 0-1

[Event "ICS rated blitz match"]
[Site "207.99.83.227"]
[Date "1999.05.15"]
[Round "?"]
[White "Hossa"]
[Black "razzle"]
[Result "1-0"]
[WhiteElo "2487"]
[BlackElo "2829"]
[PlyCount "61"]

1. e4 c5 2. Nc3 Nc6 3. Nf3 d6 4. d4 cxd4 5. Nxd4 Nf6 6. Bb5 Bd7 7. O-O Ne5 8.
Bg5 Qb6 9. Bxf6 gxf6 10. Nd5 Qd8 11. Bxd7+ Kxd7 12. Qh5 e6 13. f4 exd5 14. fxe5
fxe5 15. Rxf7+ Be7 16. Nf5 Re8 17. Rd1 h6 18. Qxh6 Qb6+ 19. Kh1 Kd8 20. Nxe7
Rxe7 21. Qf6 Qc7 22. Rxd5 Ke8 23. Rf8+ Kd7 24. Rxa8 Re6 25. Qf7+ Re7 26. Qf5+
Kc6 27. Rc8 a6 28. c4 Rf7 29. Rxc7+ Rxc7 30. Qe6 Kb6 31. Qxd6+ {razzle resigns}
1-0

[Event "ICS rated blitz match"]
[Site "207.99.83.227"]
[Date "1999.05.15"]
[Round "?"]
[White "jo"]
[Black "Hossa"]
[Result "1-0"]
[WhiteElo "2462"]
[BlackElo "2515"]
[Annotator "Crafty v16.6"]
[PlyCount "111"]

{annotating for player ossa using a scoring margin of +0.20 pawns. search time
limit is 1:00} 1. e4 1... e5 2. Nf3 Nf6 3. d4 exd4 4. e5 Ne4 5. Bd3 Bb4+ 6. Kf1
Nc5 7. Bc4 Nc6 ({10:-1.88} 7... Nc6 8. a3 Ba5 9. b4 Nxb4 10. axb4 Bxb4 11. Bg5
f6 12. exf6 $18) ({10:+0.33} 7... Ne6 8. Nxd4 Qh4 9. c3 Bc5 10. Bd5 O-O 11. g3
Qd8 12. Kg2 Nxd4 13. cxd4 $15) 8. a3 Ba5 9. b4 Qe7 ({9:-2.43} 9... Qe7 10. Bg5
f6 11. exf6 gxf6 12. Bh6 Nxb4 13. axb4 Bxb4 14. Qxd4 $18) ({9:-1.93} 9... O-O
10. bxa5 d6 11. Bg5 Qd7 12. Bb5 Ne6 13. Qd3 dxe5 14. Bxc6 Qxc6 15. Nxe5 $18)
10. bxa5 Nxe5 11. Nxe5 Qxe5 12. Qe2 d6 13. Bf4 Qxe2+ 14. Kxe2 O-O 15. Re1 Bf5
16. Kd1 d3 17. cxd3 Nxd3 ({11:-1.36} 17... Nxd3 18. Bxd3 Bxd3 19. Kd2 Ba6 20.
Nc3 Rfd8 21. Re7 Rac8 22. Be3 $16) ({11:-0.74} 17... Bxd3 18. Ba2 Ne6 19. Be3
c6 20. Kd2 Ba6 21. Bxe6 fxe6 22. Nc3 c5 23. Rad1 $16) 18. Bxd3 Bxd3 19. Re7
Rac8 20. Nc3 Rfe8 21. Rxe8+ Rxe8 22. Kd2 Bc4 23. Rb1 Ba6 24. Be3 c5 ({12:-1.96
} 24... c5 25. Rd1 Rd8 26. Kc2 b6 27. Bf4 Bb7 28. f3 d5 29. Bc7 Rd7 30. axb6
axb6 31. Bxb6 $18) ({12:-1.38} 24... Re5 25. Bxa7 Rxa5 26. Bb8 Rc5 27. a4 Kf8
28. Nb5 Rd5+ 29. Kc3 Rc5+ 30. Kd4 Bxb5 31. Rxb5 b6 32. Rxc5 32... dxc5+ $16)
25. Nb5 Bxb5 26. Rxb5 Re7 27. Kd3 f5 28. Kc4 Kf7 ({12:-2.70} 28... Kf7 29. Kd5
Rd7 30. Bf4 Ke7 31. Rb3 h5 32. Re3+ Kf7 33. Bxd6 b6 34. axb6 axb6 35. Re6 $18)
({12:-1.56} 28... f4 29. Bc1 f3 30. gxf3 Rd7 31. Kd5 Kf7 32. Rb3 Ke7 33. Bg5+
Kf7 34. Re3 34... h5 $18) 29. Kd5 Rd7 30. Rb1 Ke7 31. Re1 Kd8 32. Bg5+ Kc7 33.
Re6 b6 34. a6 h6 35. Be7 Kc8 36. Bxd6 Kd8 37. Kc6 c4 38. Re3 g5 39. a4 h5 40.
Rc3 g4 41. Rxc4 h4 42. g3 hxg3 43. hxg3 Kc8 44. Rf4 Rf7 45. Rd4 Rh7 46. Rd5 Rh1
47. Rxf5 Rc1+ 48. Kd5 Kd7 49. Rf7+ Ke8 50. Rxa7 Ra1 51. Rb7 Rxa4 52. a7 Ra5+
53. Ke6 Re5+ 54. Kxe5 b5 55. Ke6 b4 56. Rb8# 1-0